Catalog

Record Details

Catalog Search



A perfect love #4 [Large Print] / Lori Copeland ... Read More

Available copies

  • 2 of 2 copies available at LARL/NWRL Consortium. (Show)
  • 1 of 1 copy available at Lake Agassiz Regional Library.

Current holds

0 current holds with 2 total copies.

Show Only Available Copies
Location Call Number / Copy Notes Barcode Shelving Location Status Due Date
Moorhead Public Library LARGE PRINT C COP (Text) 33500011270832 Main Available -

Record details

  • ISBN: 9781410429735
  • ISBN: 1410429733
  • Physical Description: 401 p. (large print) ; 23 cm.
  • Edition: Large print ed.
  • Publisher: Detroit : Thorndike Press, 2010, c2002.

Content descriptions

Summary, etc.:
The new year brings challenges aplenty for the ... Read More
Subject: Interpersonal relations > Fiction.
Genre: Christian fiction.
Love stories.
Large type books.
LDR 01886cam a22003858a 4500
001125903
003LARL_NWRL_CONSORTIUM
00520101221094258.0
008100702t20102002miu d 000 1 eng
020 . ‡a9781410429735
020 . ‡a1410429733
035 . ‡a(OCoLC)646630312
08200. ‡a813/.54 ‡222
1001 . ‡aCopeland, Lori. ‡0(LARL_NWRL_CONSORTIUM)104035
24512. ‡aA perfect love ‡n#4 ‡h[Large Print] / ‡cLori Copeland and Angela Hunt.
250 . ‡aLarge print ed.
260 . ‡aDetroit : ‡bThorndike Press, ‡c2010, c2002.
300 . ‡a401 p. (large print) ; ‡c23 cm.
4900 . ‡aHeavenly Daze ; ‡v#4
520 . ‡aThe new year brings challenges aplenty for the angels who guard the homes of Heavenly Daze. Despite the blustery Maine winter chill, love is in the air. Buddy Franklin is searching for someone to change his lonely life, Dana and Mike Klackenbush are trying to reestablish the friendship that led to their marriage, Barbara and Russell Higgs are contemplating babies, while Barbara's mother, Cleta Lansdown, is determined to keep her close to home.
650 0. ‡aInterpersonal relations ‡vFiction. ‡0(LARL_NWRL_CONSORTIUM)165331
655 7. ‡aChristian fiction. ‡2gsafd
655 7. ‡aLove stories. ‡2gsafd
655 0. ‡aLarge type books.
7001 . ‡aHunt, Angela Elwell, ‡d1957- ‡0(LARL_NWRL_CONSORTIUM)92772
901 . ‡a125903 ‡bOCLC ‡c125903 ‡tbiblio

Additional Resources